Grey's anatomy. Season five /

Centered on the personal and professional lives of five surgical interns and their supervisors. Love, lies, and family ties are revealed as the surgeons of Seattle Grace discover that their choices have major unintended consequences.

Bibliographic Details
Uniform Title:Grey's anatomy (Television program).
Corporate Authors: Buena Vista Home Entertainment (Firm), ABC Studios
Other Authors: Pompeo, Ellen, Oh, Sandra, 1971-, Heigl, Katherine, Chambers, Justin, Knight, T. R. (Theodore Raymond), 1973-, Wilson, Chandra, 1969-, Pickens, James, Ramirez, Sara, Leigh, Chyler, 1982-, Smith, Brooke, 1967-, Dane, Eric, 1972-, Dempsey, Patrick, 1966-
Format: Video DVD
Language:English
Language Notes:English dialogue, French and Spanish subtitles; English subtitles for the deaf and hard of hearing.
Published: Burbank, Calif. : Buena Vista Home Entertainment, [2009]
Edition:More Moments edition.
Subjects:

MARC

Tag First Indicator Second Indicator Subfields
LEADER 00000cgm a2200000Ka 4500
001 in00002525152
005 20151113112856.0
007 vd cvaizq
008 090326p20092008cau000 vleng d
019 |a 439472238 
020 |a 0788893769 
020 |a 9780788893766 
024 1 0 |a 786936786859  |d 00001 
028 4 2 |a 100447  |b ABC Studios 
033 2 1 |a 20080925  |a 20090514  |b 3700 
035 |a (OCoLC)ocn317155772 
035 |a (OCoLC)317155772  |z (OCoLC)439472238 
037 |b Midwest Tape  |n http://www.midwesttapes.com 
040 |a TEFMT  |c TEFMT  |d TEF  |d GK8  |d IMD  |d GPI  |d PX0  |d TXA  |d UtOrBLW 
041 1 |a eng  |j fre  |j spa  |h eng 
043 |a n-us-wa 
049 |a TXAM 
050 1 4 |a PN1992.77  |b .G74 2009 
082 0 4 |a 791.45/75  |2 22 
090 |a PN1992.77.G749  |b G745 2009 
130 0 |a Grey's anatomy (Television program).  |n Season 5. 
245 1 0 |a Grey's anatomy.  |n Season five /  |c ABC Studios. 
246 1 |i Title appears on container as:  |a Grey's anatomy.  |n Complete fifth season 
246 3 |a Grey's anatomy.  |n Season 5 
250 |a More Moments edition. 
264 1 |a Burbank, Calif. :  |b Buena Vista Home Entertainment,  |c [2009] 
300 |a 7 videodiscs (1032 min.) :  |b sound, color ;  |c 4 3/4 in. 
336 |a two-dimensional moving image  |b tdi  |2 rdacontent 
337 |a video  |b v  |2 rdamedia 
338 |a videodisc  |b vd  |2 rdacarrier 
538 |a DVD; NTSC, region 1; Dolby digital 5.1 surround; widescreen (1.78:1). 
546 |a English dialogue, French and Spanish subtitles; English subtitles for the deaf and hard of hearing. 
511 1 |a Ellen Pompeo, Sandra Oh, Katherine Heigl, Justin Chambers, T.R. Knight, Chandra Wilson, James Pickens, Jr., Sara Ramirez, Eric Dane, Chyler Leigh, Patrick Dempsey. 
518 |a Originally broadcast by ABC 2008-2009. 
521 8 |a Rated TV-14. 
520 |a Centered on the personal and professional lives of five surgical interns and their supervisors. Love, lies, and family ties are revealed as the surgeons of Seattle Grace discover that their choices have major unintended consequences. 
500 |a Bonus features: Dissecting Grey's anatomy, unaired scenes; In stiches, season five outtakes; 100th episode: tales from the O.R., behind-the-scenes; extended episode; Heaven sent, Jeffrey Dean Morgan talks about his character. 
505 0 0 |g Disc 1.  |t Dream a little dream of me ;  |t Here comes the flood ;  |t Brave new world --  |g disc 2.  |t There's no "I" in team --  |t Life during wartime --  |t Rise up ;  |t These ties that bind --  |g disc 3.  |t In the midnight hour ;  |t All by myself ;  |t Wish you were here ;  |t Sympathy for the devil --  |g disc 4.  |t Stairway to heaven ;  |t Beat your heart out ;  |t Before and after ;  |t An honest mistake --  |g disc 5.  |t I will follow you into the dark ;  |t Stand by me ;  |t Elevator love letter ;  |t Sweet surrender --  |g disc 6.  |t No good at saying sorry (one more chance) ;  |t What a difference a day makes ;  |t Here's to future days ;  |t Now or never. 
500 |a Videorecording. 
650 0 |a Hospitals  |x Medical staff  |z Washington (State)  |z Seattle  |v Drama. 
650 0 |a Interns (Medicine)  |z Washington (State)  |z Seattle  |v Drama. 
650 0 |a Man-woman relationships  |v Drama. 
655 7 |a Medical television programs.  |2 lcgft 
655 7 |a Fiction television programs.  |2 lcgft 
655 7 |a Television series.  |2 lcgft 
655 7 |a Video recordings for the hearing impaired.  |2 lcgft 
700 1 |a Pompeo, Ellen. 
700 1 |a Oh, Sandra,  |d 1971- 
700 1 |a Heigl, Katherine. 
700 1 |a Chambers, Justin. 
700 1 |a Knight, T. R.  |q (Theodore Raymond),  |d 1973- 
700 1 |a Wilson, Chandra,  |d 1969- 
700 1 |a Pickens, James. 
700 1 |a Ramirez, Sara. 
700 1 |a Leigh, Chyler,  |d 1982- 
700 1 |a Smith, Brooke,  |d 1967- 
700 1 |a Dane, Eric,  |d 1972- 
700 1 |a Dempsey, Patrick,  |d 1966- 
710 2 |a Buena Vista Home Entertainment (Firm) 
710 2 |a ABC Studios. 
948 |a cataloged  |b h  |c 2009/11/10  |d c  |e agaffey  |f 2:06:14 pm 
994 |a C0  |b TXA 
948 |a cataloged  |b h  |c 2012/11/8  |d c  |e blrosas  |f 3:55:11 pm 
999 |a MARS 
999 f f |s 904bb063-26fd-3291-9d90-5c0c0ba12924  |i 6b478c32-f27a-37db-a4fb-dc8e983c1e31  |t 0 
952 f f |p dvd  |a Texas A&M University  |b College Station  |c Sterling C. Evans Library  |d Evans: Media and Reserves (Annex 1st floor)  |t 0  |e PN1992.77.G749 G745 2009  |h Library of Congress classification  |i video -- videodisc  |m A14841619823 
998 f f |a PN1992.77.G749 G745 2009  |t 0  |l Evans: Media and Reserves (Annex 1st floor)